|
|
|
|
| LEADER |
00000cam a2200000 4500 |
| 001 |
vtls011844150 |
| 003 |
SK-MaSNL |
| 005 |
20260301101926.0 |
| 008 |
190305s2019 xr a f n 001 0 cze |
| 020 |
|
|
|a 9788024727479
|q (brožované)
|
| 040 |
|
|
|a SNK
|b slo
|c SNK
|e rda
|
| 041 |
0 |
|
|a cze
|b cze
|b eng
|
| 044 |
|
|
|a xr
|c CZ
|
| 072 |
|
7 |
|a 616
|x Patológia. Klinická medicína
|2 konspekt
|
| 072 |
|
7 |
|a 37.016
|x Učebné osnovy. Vyučovacie predmety. Učebnice
|2 konspekt
|
| 080 |
|
|
|a 616-083
|2 2011
|
| 080 |
|
|
|a 614.88
|2 2011
|
| 080 |
|
|
|a 616-083.98
|2 2011
|
| 080 |
|
|
|a 614.881
|2 2011
|
| 080 |
|
|
|a (075.8)
|2 2011
|
| 100 |
1 |
|
|a Veverková, Eva
|4 aut
|9 332464
|
| 245 |
1 |
0 |
|a Ošetřovatelské postupy pro zdravotnické záchranáře I
|c Eva Veverková, Eva Kozáková, Lucie Dolejší
|
| 250 |
|
|
|a 1. vydání
|
| 264 |
|
1 |
|a Praha
|b Grada Publishing
|c 2019
|
| 300 |
|
|
|a 216 strán, xii strán obrazových príloh
|b ilustrácie (niektoré farebné)
|c 24 cm
|
| 336 |
|
|
|a text
|b txt
|2 rdacontent
|
| 337 |
|
|
|a bez média
|b n
|2 rdamedia
|
| 338 |
|
|
|a zväzok
|b nc
|2 rdacarrier
|
| 504 |
|
|
|a Obsahuje bibliografiu na strane 200-210, zoznam skratiek a register
|
| 546 |
|
|
|a České a anglické resumé
|
| 650 |
0 |
7 |
|a ošetrovateľstvo
|2 SNKPH
|9 2557
|
| 650 |
0 |
7 |
|a ošetrovateľská starostlivosť
|2 SNKPH
|9 63308
|
| 650 |
0 |
7 |
|a záchranárstvo
|2 SNKPH
|9 58832
|
| 650 |
0 |
7 |
|a prednemocničná neodkladná starostlivosť
|2 SNKPH
|9 89202
|
| 650 |
0 |
7 |
|a zdravotnícka záchranná služba
|2 SNKPH
|9 69995
|
| 650 |
0 |
7 |
|a lekárska služba prvej pomoci
|2 SNKPH
|9 75030
|
| 650 |
0 |
7 |
|a Nursing
|2 SNKPHeng
|9 267855
|
| 650 |
0 |
7 |
|a Nursing care
|2 SNKPHeng
|9 268413
|
| 650 |
0 |
7 |
|a Emergency medical services
|2 SKPHeng
|9 352740
|
| 655 |
|
7 |
|a učebnice vysokých škôl
|2 SNKPH
|9 70191
|
| 655 |
|
7 |
|a kolektívne monografie
|2 SNKPH
|9 249850
|
| 655 |
|
7 |
|a Textbooks (higher)
|2 SNKPHeng
|9 276436
|
| 655 |
|
7 |
|a Collective monographs
|2 SNKPHeng
|9 125747
|
| 700 |
1 |
|
|a Kozáková, Eva
|4 aut
|9 278537
|
| 700 |
1 |
|
|a Dolejší, Lucie
|4 aut
|9 436933
|
| 710 |
2 |
|
|a Všeobecná fakultní nemocnice v Praze
|4 pbl
|9 251722
|
| 710 |
2 |
|
|a České vysoké učení technické v Praze.
|b Fakulta biomedicínského inženýrství
|4 pbl
|9 49468
|
| 919 |
|
|
|a 978-80-247-2747-9
|
| 999 |
|
|
|c 690682
|d 692612
|
| 952 |
|
|
|t snkVEV/1 616-083
|a SNKUST
|b SNKUST
|y PREZ
|7 0
|p 17A1429191
|o snkIC 145372/1
|i snk2020/16405
|8 4
|g 9.94
|0 0
|1 0
|4 0
|d 2019-12-12
|l 0
|r 2025-05-28 00:00:00
|w 2026-02-23
|